<?xml version="1.0" encoding="UTF-8"?><?xml-stylesheet type="text/xsl" href="static/style.xsl"?><OAI-PMH xmlns="http://www.openarchives.org/OAI/2.0/" xmlns:xsi="http://www.w3.org/2001/XMLSchema-instance" xsi:schemaLocation="http://www.openarchives.org/OAI/2.0/ http://www.openarchives.org/OAI/2.0/OAI-PMH.xsd"><responseDate>2026-04-18T06:03:40Z</responseDate><request verb="GetRecord" identifier="oai:www.recercat.cat:2072/359755" metadataPrefix="marc">https://recercat.cat/oai/request</request><GetRecord><record><header><identifier>oai:recercat.cat:2072/359755</identifier><datestamp>2024-12-20T18:59:13Z</datestamp><setSpec>com_2072_300912</setSpec><setSpec>com_2072_4427</setSpec><setSpec>col_2072_301309</setSpec></header><metadata><record xmlns="http://www.loc.gov/MARC21/slim" xmlns:dcterms="http://purl.org/dc/terms/" xmlns:xsi="http://www.w3.org/2001/XMLSchema-instance" xmlns:doc="http://www.lyncode.com/xoai" xsi:schemaLocation="http://www.loc.gov/MARC21/slim http://www.loc.gov/standards/marcxml/schema/MARC21slim.xsd">
   <leader>00925njm 22002777a 4500</leader>
   <datafield ind2=" " ind1=" " tag="042">
      <subfield code="a">dc</subfield>
   </datafield>
   <datafield ind2=" " ind1=" " tag="720">
      <subfield code="a">Hegner, Franziska Simone</subfield>
      <subfield code="e">author</subfield>
   </datafield>
   <datafield ind2=" " ind1=" " tag="720">
      <subfield code="a">Herraiz-Cardona, Isaac</subfield>
      <subfield code="e">author</subfield>
   </datafield>
   <datafield ind2=" " ind1=" " tag="720">
      <subfield code="a">Cardenas-Morcoso, Drialys</subfield>
      <subfield code="e">author</subfield>
   </datafield>
   <datafield ind2=" " ind1=" " tag="720">
      <subfield code="a">López, Núria</subfield>
      <subfield code="e">author</subfield>
   </datafield>
   <datafield ind2=" " ind1=" " tag="720">
      <subfield code="a">Galán-Mascarós, José-Ramón</subfield>
      <subfield code="e">author</subfield>
   </datafield>
   <datafield ind2=" " ind1=" " tag="720">
      <subfield code="a">Gimenez, Sixto</subfield>
      <subfield code="e">author</subfield>
   </datafield>
   <datafield ind2=" " ind1=" " tag="260">
      <subfield code="c">2017-10-04</subfield>
   </datafield>
   <datafield ind2=" " ind1=" " tag="520">
      <subfield code="a">The efficient integration of photoactive and catalytic
materials is key to promoting photoelectrochemical water splitting as a
sustainable energy technology built on solar power. Here, we report
highly stable water splitting photoanodes from BiVO4 photoactive cores
decorated with CoFe Prussian blue-type electrocatalysts (CoFe-PB). This
combination decreases the onset potential of BiVO4 by ∼0.8 V (down to
0.3 V vs reversible hydrogen electrode (RHE)) and increases the
photovoltage by 0.45 V. The presence of the catalyst also leads to a
remarkable 6-fold enhancement of the photocurrent at 1.23 V versus
RHE, while keeping the light-harvesting ability of BiVO4. Structural and
mechanistic studies indicate that CoFe-PB effectively acts as a true
catalyst on BiVO4. This mechanism, stemming from the adequate
alignment of the energy levels, as showed by density functional theory
calculations, allows CoFe-PB to outperform all previous catalyst/BiVO4 junctions and, in addition, leads to noteworthy longterm
stability. A bare 10−15% decrease in photocurrent was observed after more than 50 h of operation under light irradiation</subfield>
   </datafield>
   <datafield ind1="8" ind2=" " tag="024">
      <subfield code="a">http://hdl.handle.net/2072/359755</subfield>
   </datafield>
   <datafield ind1="8" ind2=" " tag="024">
      <subfield code="a">https://doi.org/10.1021/acsami.7b09449</subfield>
   </datafield>
   <datafield ind2="0" ind1="0" tag="245">
      <subfield code="a">Cobalt Hexacyanoferrate on BiVO4 Photoanodes for Robust Water Splitting</subfield>
   </datafield>
</record></metadata></record></GetRecord></OAI-PMH>